[Event "5th Karl Wagner mem"]
[Site "Graz"]
[Date "1998.09.07"]
[Round "3.12"]
[White "Singer, Richard"]
[Black "Wittmann, Walter"]
[Result "1/2-1/2"]
[WhiteElo "2275"]
[BlackElo "2380"]
[PlyCount "67"]
[EventDate "1998.09.05"]

{3/(12)} 1. d4 1... Nf6 2. c4 g6 3. Nc3 d5 4. Nf3 Bg7 5. Qb3 dxc4 6. Qxc4 O-O
7. Bf4 Na6 8. e4 c5 9. O-O-O Qa5 10. Be2 Bd7 11. d5 b5 12. Nxb5 Nxe4 13. Qxe4
Bxb5 14. Bxb5 Qxb5 15. Be5 Rab8 16. Bxg7 Kxg7 17. Rd2 Nb4 18. Re1 Nxa2+ 19. Kd1
Rb7 20. Re3 Nb4 21. h4 h5 22. Ng5 Qf1+ 23. Re1 Qa6 24. Re3 Rd7 25. Ke1 Qd6 26.
Rg3 26... f5 27. Ne6+ Kf7 28. Qc4 Rg8 29. Nf4 Qa6 30. Qb3 Qa1+ 31. Ke2 Qa6+ 32.
Ke1 Qa1+ 33. Ke2 Qa6+ 34. Ke1 1/2-1/2

[Event "5th Karl Wagner mem"]
[Site "Graz"]
[Date "1998.09.07"]
[Round "3.13"]
[White "Wohlfahrt, Herbert"]
[Black "Lendwai, Reinhard"]
[Result "1/2-1/2"]
[WhiteElo "2265"]
[BlackElo "2375"]
[PlyCount "21"]
[EventDate "1998.09.05"]

{3/(13)} 1. e4 1... e5 2. Nf3 Nc6 3. Bb5 a6 4. Bxc6 dxc6 5. d4 exd4 6. Qxd4
Qxd4 7. Nxd4 Bd7 8. Nc3 O-O-O 9. Be3 Bb4 10. Nde2 Ne7 11. O-O-O 1/2-1/2

[Event "5th Karl Wagner mem"]
[Site "Graz"]
[Date "1998.09.07"]
[Round "3.16"]
[White "Soln, Primoz"]
[Black "Raffalt, Manfred"]
[Result "1-0"]
[WhiteElo "2470"]
[BlackElo "2180"]
[PlyCount "97"]
[EventDate "1998.09.05"]

{3/(16)} 1. d4 1... e6 2. c4 f5 3. Nf3 Nf6 4. g3 d6 5. Bg2 Be7 6. Nc3 O-O 7.
O-O a5 8. Qc2 Nc6 9. a3 e5 10. dxe5 dxe5 11. Rd1 Qe8 12. Nd5 Bd8 13. Be3 Qh5
14. Bc5 Re8 15. b4 Ne4 16. Be3 16... f4 17. gxf4 Bf5 18. Qb2 Bh3 19. Bxh3 Qxh3
20. fxe5 Re6 21. Bf4 Bh4 22. Nxh4 Qxh4 23. Bg3 Rg6 24. Rd3 Rf8 25. Rf3 Rxf3 26.
exf3 Nxg3 27. fxg3 Qxc4 28. Rd1 axb4 29. axb4 h5 30. b5 Qc5+ 31. Kg2 Ne7 32.
Nf4 Rg5 33. Qa2+ Kh7 34. Ne6 Qxe5 35. Nxg5+ Qxg5 36. Qc2+ Ng6 37. Qxc7 Qxb5 38.
Qc2 Qe5 39. Rb1 b5 40. Qe4 Qc5 41. Rd1 Qg5 42. Rd5 Qh6 43. f4 h4 44. Rxb5 h3+
45. Kf2 Kg8 46. Qe6+ Kh7 47. Qf5 Kg8 48. Rb8+ Kh7 49. Rb6 1-0

[Event "5th Karl Wagner mem"]
[Site "Graz"]
[Date "1998.09.07"]
[Round "3.17"]
[White "Barbero, Gerardo"]
[Black "Havlicek, Josef"]
[Result "1-0"]
[WhiteElo "2440"]
[BlackElo "2160"]
[PlyCount "61"]
[EventDate "1998.09.05"]

{3/(17)} 1. d4 1... Nf6 2. c4 g6 3. Nc3 Bg7 4. e4 d6 5. h3 O-O 6. Bg5 c6 7. Nf3
h6 8. Be3 Nbd7 9. Bd3 e5 10. d5 c5 11. g4 a6 12. a3 b5 13. cxb5 axb5 14. Bxb5
Ba6 15. Nd2 Nb6 16. a4 Nc8 17. b3 Qa5 18. Bxa6 Rxa6 19. Rc1 Nb6 20. Kf1 Rc8 21.
Nb5 Ne8 22. Kg2 Nd7 23. Nc4 Qd8 24. Qd3 Kh7 25. f4 exf4 26. Bxf4 Nf8 27. Rhf1
Kg8 28. Rce1 f6 29. Qg3 Rb8 30. Bxd6 Rxb5 31. Bxf8 1-0

[Event "5th Karl Wagner mem"]
[Site "Graz"]
[Date "1998.09.07"]
[Round "3.18"]
[White "Krumpacnik, Domen"]
[Black "Seidl, Juergen"]
[Result "1-0"]
[WhiteElo "2380"]
[BlackElo "2160"]
[PlyCount "37"]
[EventDate "1998.09.05"]

{3/(18)} 1. d4 1... Nf6 2. Nf3 e6 3. Bg5 c5 4. c3 Qb6 5. Qc2 cxd4 6. cxd4 Nc6
7. e3 Ne4 8. Bf4 Bb4+ 9. Nfd2 d5 10. Nc3 Nxd2 11. Qxd2 O-O 12. Bd3 Na5 13. O-O
Bd7 14. Qe2 Rfc8 15. Rac1 Nc4 16. h4 Qa5 17. a3 Nxa3 18. Ra1 Qd8 19. Na2 1-0

[Event "5th Karl Wagner mem"]
[Site "Graz"]
[Date "1998.09.07"]
[Round "3.19"]
[White "Sarkozy, Ladislav"]
[Black "Senoner, Erich Jun"]
[Result "1-0"]
[WhiteElo "2355"]
[BlackElo "2160"]
[PlyCount "53"]
[EventDate "1998.09.05"]

{3/(19)} 1. e4 1... d5 2. exd5 Nf6 3. d4 Bg4 4. f3 Bf5 5. Bb5+ Nbd7 6. c4 a6 7.
Ba4 b5 8. cxb5 Nxd5 9. Nc3 Nb4 10. Nge2 axb5 11. Nxb5 11... Rxa4 12. Qxa4 Nc2+
13. Kf2 e5 14. Qa7 Bd6 15. Nxd6+ cxd6 16. Bd2 O-O 17. Rac1 exd4 18. Rxc2 Bxc2
19. Nxd4 Bg6 20. h4 Ne5 21. Bg5 Qc8 22. h5 f6 23. hxg6 fxg5 24. Rxh7 Rf7 25.
gxf7+ Kxh7 26. Ne6 Ng6 27. f8=N+ 1-0

[Event "5th Karl Wagner mem"]
[Site "Graz"]
[Date "1998.09.07"]
[Round "3.20"]
[White "Stolte, Alexander"]
[Black "Danner, Georg"]
[Result "0-1"]
[WhiteElo "2145"]
[BlackElo "2340"]
[PlyCount "120"]
[EventDate "1998.09.05"]

{3/(20)} 1. d4 1... f5 2. Nf3 g6 3. g3 Bg7 4. Bg2 Nf6 5. O-O O-O 6. c4 d6 7. d5
c6 8. Nc3 Bd7 9. Rb1 Na6 10. b4 Rc8 11. Qb3 cxd5 12. cxd5 Qc7 13. Bd2 Qc4 14.
Qa3 14... Ne4 15. Nxe4 fxe4 16. Ng5 Qxe2 17. Nxe4 Rc2 18. Rfe1 Qc4 19. Rbc1
Qxa2 20. Qe3 Rxc1 21. Rxc1 Qb2 22. Ng5 Qd4 23. Ne6 Qxe3 24. Bxe3 Rc8 25. Rxc8+
Bxc8 26. b5 Nb4 27. Bxa7 Bf6 28. Be3 Bd7 29. Bd2 Nd3 30. Be4 Bxb5 31. Ba5 Nc5
32. Nxc5 dxc5 33. Bb6 c4 34. Kf1 Kf7 35. Ke1 Bc3+ 36. Kd1 Ba4+ 37. Kc1 Ke8 38.
h4 Kf7 39. h5 Kf6 40. hxg6 hxg6 41. Bg2 g5 42. Bh3 Ke5 43. Bc5 Kf6 44. Bb6 Kg6
45. Bc5 Kf7 46. Bb6 Bb4 47. Be6+ Ke8 48. Kb1 Bd7 49. g4 Bc3 50. Kc2 Be5 51. Kd2
Ba4 52. Kc1 c3 53. Bf5 Bb3 54. Be3 Bf6 55. Be6 b5 56. f4 gxf4 57. Bxf4 Bd4 58.
g5 Kf8 59. Bd7 b4 60. d6 e5 0-1

[Event "5th Karl Wagner mem"]
[Site "Graz"]
[Date "1998.09.07"]
[Round "3.28"]
[White "Jetzl, Joerg"]
[Black "Zoister, Stefan"]
[Result "1-0"]
[WhiteElo "2225"]
[BlackElo "2105"]
[PlyCount "120"]
[EventDate "1998.09.05"]

{3/(28)} 1. d4 1... Nf6 2. Nf3 e6 3. g3 b6 4. Bg2 Bb7 5. O-O c5 6. c4 cxd4 7.
Nxd4 Bxg2 8. Kxg2 Be7 9. Nb5 O-O 10. Bf4 a6 11. Bc7 Qc8 12. Bd6 Bxd6 13. Nxd6
Qc6+ 14. f3 Ne8 15. Nxe8 Rxe8 16. Qd4 d6 17. Rd1 Rd8 18. Nc3 Ra7 19. Rac1 Rad7
20. b3 h6 21. Na4 b5 22. cxb5 Qxb5 23. Qd3 Rb7 24. Rc5 24... Qxd3 25. Rxd3 Kf8
26. e4 Ke7 27. Rc2 a5 28. Nb2 Na6 29. Rd1 Nb4 30. Rcd2 d5 31. a3 Nc6 32. exd5
Rxd5 33. Rxd5 exd5 34. Rd3 Kd6 35. f4 Rb5 36. Kf3 f5 37. Kf2 d4 38. Nc4+ Kc5
39. Kf3 a4 40. bxa4 Rb1 41. Ne5 Nxe5+ 42. fxe5 Re1 43. Rb3 Rxe5 44. Rb5+ Kd6
45. Rxe5 Kxe5 46. a5 Kd5 47. a6 Kc6 48. a7 Kb7 49. a8=Q+ Kxa8 50. Ke2 Kb7 51.
Kd3 Kc6 52. Kxd4 Kd6 53. a4 g5 54. a5 h5 55. a6 Kc6 56. Ke5 f4 57. gxf4 gxf4
58. Kxf4 h4 59. Kg4 h3 60. Kxh3 Kb6 1-0

[Event "5th Karl Wagner mem"]
[Site "Graz"]
[Date "1998.09.07"]
[Round "3.29"]
[White "Zirngast, Erhard"]
[Black "Jazbinsek, Sebastjan"]
[Result "0-1"]
[WhiteElo "2060"]
[BlackElo "2225"]
[PlyCount "70"]
[EventDate "1998.09.05"]

{3/(29)} 1. e4 1... c5 2. Nf3 d6 3. Bb5+ Nd7 4. O-O Ngf6 5. e5 dxe5 6. Nxe5 a6
7. Bxd7+ Nxd7 8. Qh5 g6 9. Qe2 Bg7 10. Nxd7 Bxd7 11. Re1 O-O 12. Nc3 e5 13. d3
Bc6 14. Be3 b6 15. Rab1 f5 16. f3 Qd6 17. Red1 Bb7 18. Qd2 Rfe8 19. Kh1 Rad8
20. Qf2 Qc6 21. Rf1 Rd7 22. Rbd1 Bf8 23. Qh4 b5 24. a3 b4 25. Nb1 f4 26. Bg1 c4
27. axb4 cxd3 28. cxd3 Bxb4 29. Rc1 Qd5 30. Nc3 Qxd3 31. Rfd1 31... Qxf3 32.
Rc2 Rxd1 33. Nxd1 Qe4 34. Qf2 f3 35. g3 Be1 0-1

[Event "5th Karl Wagner mem"]
[Site "Graz"]
[Date "1998.09.07"]
[Round "3.35"]
[White "Velickovic, Zoran"]
[Black "Vodep, Otto"]
[Result "1-0"]
[WhiteElo "2290"]
[BlackElo "2105"]
[PlyCount "50"]
[EventDate "1998.09.05"]

{3/(35)} 1. c4 1... f5 2. d4 Nf6 3. g3 g6 4. Bg2 Bg7 5. Nf3 d6 6. O-O O-O 7.
Nc3 Nc6 8. d5 Ne5 9. Nxe5 dxe5 10. Qb3 Kh8 11. Rd1 h6 12. c5 g5 13. Nb5 a6 14.
Na3 Qe8 15. Nc4 Nd7 16. Qa3 Qf7 17. b4 f4 18. Bb2 fxg3 19. Qxg3 Qf4 20. Rac1
Rf5 21. e3 Qxg3 22. hxg3 22... g4 23. c6 bxc6 24. dxc6 Nb6 25. Rd8+ Rf8 1-0

[Event "5th Karl Wagner mem"]
[Site "Graz"]
[Date "1998.09.07"]
[Round "3.36"]
[White "Rott, Georg"]
[Black "Halser, Walter"]
[Result "1-0"]
[WhiteElo "2200"]
[BlackElo "2090"]
[PlyCount "97"]
[EventDate "1998.09.05"]

{3/(36)} 1. e4 1... e5 2. Nf3 Nc6 3. Bb5 Nd4 4. Ba4 Bc5 5. c3 Nxf3+ 6. Qxf3 Nf6
7. d3 O-O 8. b4 Bb6 9. Bg5 h6 10. Bh4 g5 11. Bg3 d6 12. Qe2 c6 13. Nd2 Be6 14.
Bb3 Qd7 15. Bxe6 fxe6 16. Nc4 Bc7 17. Ne3 a5 18. h4 axb4 19. cxb4 Qe7 20. hxg5
hxg5 21. Ng4 Kg7 22. Nh2 Rh8 23. O-O-O d5 24. Qd2 Nh5 25. Nf3 Nf4 26. Bxf4 gxf4
27. g3 dxe4 28. dxe4 Rhd8 29. Qb2 fxg3 30. Rdg1 Qf6 31. Rxg3+ Kf8 32. Ng5 Ke8
33. Qb3 33... Rd6 34. Nxe6 Rxe6 35. Rg8+ Kf7 36. Rxa8 Qf4+ 37. Qe3 Bb6 38.
Qxf4+ exf4 39. f3 Rg6 40. Rh7+ Kf6 41. Rxb7 Be3+ 42. Kc2 Ke5 43. Kc3 Rg1 44.
Re8+ Kf6 45. e5+ Kf5 46. Rf7+ Kg6 47. e6 Rf1 48. Rg8+ Kh6 49. e7 1-0

[Event "5th Karl Wagner mem"]
[Site "Graz"]
[Date "1998.09.07"]
[Round "3.38"]
[White "Genser, Harald"]
[Black "Romaszko, Sylwia"]
[Result "1/2-1/2"]
[WhiteElo "2155"]
[BlackElo "2065"]
[PlyCount "81"]
[EventDate "1998.09.05"]

{3/(38)} 1. e4 1... e5 2. Nf3 Nc6 3. d4 exd4 4. Nxd4 Bc5 5. Nb3 Bb6 6. Nc3 Qf6
7. Qe2 Nge7 8. h4 d6 9. Bg5 Qe6 10. O-O-O f6 11. Be3 O-O 12. Bxb6 axb6 13. Qc4
Kh8 14. Nb5 Qd7 15. Kb1 Ng6 16. Qc3 Qe7 17. h5 Nge5 18. Be2 h6 19. f4 Nf7 20.
Bf3 Be6 21. a3 Nfd8 22. Rhe1 Bg8 23. Qd2 Qf7 24. Nc3 Ne6 25. g3 Na5 26. Qd5
Nxb3 27. Qxb3 Qe8 28. Qb5 Qd8 29. Qe2 Ra5 30. Kc1 Qe8 31. Qe3 Qf7 32. g4 Rd8
33. Be2 Qd7 34. Bc4 b5 35. Bb3 35... c5 36. Bxe6 Bxe6 37. f5 Bg8 38. Nd5 Bxd5
39. exd5 Ra4 40. Qf3 b4 41. axb4 1/2-1/2

[Event "5th Karl Wagner mem"]
[Site "Graz"]
[Date "1998.09.08"]
[Round "4.3"]
[White "Stanec, Nikolaus"]
[Black "Burmakin, Vladimir"]
[Result "1/2-1/2"]
[WhiteElo "2495"]
[BlackElo "2560"]
[PlyCount "82"]
[EventDate "1998.09.09"]

{4/(3)} 1. c4 1... e6 2. d4 d5 3. Nc3 Nf6 4. cxd5 exd5 5. Bg5 c6 6. e3 Be7 7.
Bd3 Bg4 8. Nge2 Bh5 9. O-O O-O 10. f3 Bg6 11. Ng3 Nh5 12. Bxe7 Qxe7 13. Re1
Nxg3 14. hxg3 Qd6 15. g4 Nd7 16. Bxg6 Qxg6 17. Ne2 Rfe8 18. Ng3 Qd6 19. Nf1 a5
20. Qc2 a4 21. Qf2 Nb6 22. Qh4 Nc4 23. b3 Na3 24. Qf2 axb3 25. axb3 Qb4 26. Ra2
{} 26... Nb5 27. Rea1 Ra3 28. Rxa3 Nxa3 29. Qa2 Ra8 30. Qb2 Ra6 31. Ra2 g6 32.
Qd2 Qf8 33. Qc1 Qb4 34. Qd2 Qb6 35. Qb2 Nb5 36. Qa1 Rxa2 37. Qxa2 Qd8 38. Qa4
Kg7 39. Qb4 Qd7 40. Kf2 Qd8 41. Kg1 h6 1/2-1/2

[Event "5th Karl Wagner mem"]
[Site "Graz"]
[Date "1998.09.08"]
[Round "4.5"]
[White "Savanovic, Aleksandar"]
[Black "Rabiega, Robert"]
[Result "1-0"]
[WhiteElo "2435"]
[BlackElo "2525"]
[PlyCount "69"]
[EventDate "1998.09.09"]

{4/(5)} 1. e4 1... c5 2. Nf3 Nc6 3. d4 cxd4 4. Nxd4 Nf6 5. Nc3 d6 6. Be2 e5 7.
Nf3 h6 8. O-O Be7 9. Re1 O-O 10. h3 Be6 11. Bf1 Nb8 12. b3 Nbd7 13. Bb2 a6 14.
a4 Rc8 15. Nd2 Qc7 16. Nc4 Nc5 17. Nd5 Nxd5 18. exd5 Bf5 19. a5 Bg6 20. Nb6
Rfe8 21. b4 Nd7 22. Nxd7 Qxd7 23. c4 f5 24. b5 e4 25. bxa6 bxa6 26. c5 dxc5 27.
Bxa6 Bd6 28. Qa4 Qe7 29. Bb5 Red8 30. a6 Qg5 31. a7 f4 32. Rxe4 {} 32... f3
33. Rg4 Qd2 34. Rxg6 Qxb2 35. Rxd6 1-0

[Event "5th Karl Wagner mem"]
[Site "Graz"]
[Date "1998.09.08"]
[Round "4.6"]
[White "Loginov, Valery"]
[Black "Alienkin, Aleksander"]
[Result "1/2-1/2"]
[WhiteElo "2520"]
[BlackElo "2365"]
[PlyCount "66"]
[EventDate "1998.09.09"]

{4/(6)} 1. Nf3 1... Nf6 2. c4 e6 3. Nc3 Bb4 4. b3 Bxc3 5. dxc3 b6 6. g3 Bb7 7.
Bg2 O-O 8. O-O d6 9. a4 a5 10. Ra2 Nbd7 11. Nd4 Bxg2 12. Kxg2 Qc8 13. f3 Qb7
14. e4 Rfe8 15. Re2 Nc5 16. Kg1 Nfd7 17. Qc2 Ne5 18. Bd2 Nc6 19. Rfe1 Ne5 20.
Re3 Rf8 21. h3 Nc6 22. f4 Ne7 23. f5 e5 24. Nf3 f6 25. g4 25... c6 {} 26. b4
axb4 27. cxb4 Nxa4 28. Qb3 d5 29. cxd5 cxd5 30. Rd3 Rfd8 31. g5 Kh8 32. gxf6
gxf6 33. Kh2 b5 1/2-1/2

[Event "5th Karl Wagner mem"]
[Site "Graz"]
[Date "1998.09.08"]
[Round "4.7"]
[White "Mohr, Georg"]
[Black "Maksimenko, Andrei"]
[Result "1/2-1/2"]
[WhiteElo "2470"]
[BlackElo "2500"]
[PlyCount "87"]
[EventDate "1998.09.09"]

{4/(7)} 1. e4 1... c5 2. Nf3 e6 3. c4 Nc6 4. Nc3 e5 5. a3 d6 6. g3 Nge7 7. Bg2
g6 8. O-O Bg7 9. b4 cxb4 10. axb4 Nxb4 11. Ba3 Nec6 12. d4 exd4 13. Nd5 Na6 14.
e5 14... dxe5 {} 15. Nxe5 Nxe5 16. Re1 Be6 17. f4 Nxc4 18. f5 Nxa3 19. fxe6
O-O 20. e7 Qd6 21. exf8=Q+ Bxf8 22. Qb3 d3 23. Rf1 Nc2 24. Qxb7 Nxa1 25. Qxa8
d2 26. Qb7 Qe6 27. Qb2 Bg7 28. Qxd2 Nb3 29. Qf4 Bd4+ 30. Kh1 Kg7 31. Rb1 Nac5
32. Qb8 a5 33. Nf4 Qf5 34. Rf1 Nd2 35. Rd1 Ndb3 36. h4 a4 37. Kh2 a3 38. Qa7
Bb2 39. Rd5 Qf6 40. Rg5 Kh6 41. Nd5 Qe6 42. Nf4 Qf6 43. Nd5 Qe6 44. Nf4 1/2-1/2

[Event "5th Karl Wagner mem"]
[Site "Graz"]
[Date "1998.09.08"]
[Round "4.9"]
[White "Zoler, Dan"]
[Black "Wohlfahrt, Herbert"]
[Result "1-0"]
[WhiteElo "2500"]
[BlackElo "2265"]
[PlyCount "61"]
[EventDate "1998.09.09"]

{4/(9)} 1. d4 1... f5 2. c4 Nf6 3. g3 g6 4. Bg2 Bg7 5. Nf3 O-O 6. O-O d6 7. Nc3
Nc6 8. d5 Ne5 9. Nxe5 (9. Qb3 Nxf3+ 10. Bxf3 Nd7 11. Bg2 e5 12. dxe6 Nc5 13.
Qc2 Bxe6 14. Be3 $1 (14. b3) 14... c6 (14... Bxc4 $2 15. Na4 $1 $36) 15. Rad1
Qe7 16. Qd2 (16. b3 Rad8 17. Qd2 (17. Bd4 17... f4 $1 $13) 17... Bc8 18. Bg5
Bf6 19. Bxf6 Rxf6 20. e3 $14 {Vilela-O. de la Riva, Havanna 1998}) 16... Rad8 (
16... Bxc4 17. Qxd6 Qxd6 18. Rxd6 $14) 17. Bg5 Bf6 18. Bxf6 Rxf6 19. b4 (19.
Qd4 $14 {Vilela}) 19... Nd7 20. Qxd6 Qxd6 21. Rxd6 Bxc4 22. Rfd1 Rxd6 23. Rxd6
23... Kf8 $13) 9... dxe5 10. b4 (10. c5 h6 11. Qb3 Kh8 12. Rd1 a6 (12... g5 {
- Inf 60/(94)}) 13. Bd2 Qe8 14. Qa4 (14. Be1) 14... Bd7 (14... Rb8 $5 {
15. Qa5 b6} 15. Qxe8 Rxe8 16. Be1 Rd8 17. Rac1 Bf8 18. e4 e6 19. dxe6 Rxd1 20.
Nxd1 Nxe4 21. Bxe4 fxe4 22. Ba5 Bxe6 23. Bxc7 $14) 15. c6 bxc6 16. dxc6 Be6 17.
Be3 {Bc5, Nd5} 17... g5 18. Bc5 {e7} 18... e4 19. f3 19... f4 $1 (19... exf3
20. exf3 {Re1}) 20. Nxe4 (20. gxf4 exf3 (20... gxf4 21. Nxe4 Nxe4 22. Qxe4 Bf5
23. Qxf4) 21. Bxf3 (21. exf3 Nh5) 21... g4 $13) 20... Nxe4 21. Qxe4 (21. fxe4
fxg3 22. hxg3 Bxb2 23. Rab1 Be5) 21... Bf5 22. Qa4 (22. Qxe7 Qxe7 (22... Qxc6
$1 23. Rac1 $140 23... Bf6) 23. Bxe7 Bxb2 24. Bxf8 24... Rxf8 $11) 22... Bxb2
23. gxf4 $1 (23. Bd4+ Bxd4+ 24. Qxd4+ e5 25. Qc5 25... Rf6 $1 {e7}) 23... Bxa1
24. Rxa1 24... Rd8 $1 $132 {Komarov-De la Riva, France 1998} 25. fxg5 hxg5 26.
h4 $1 $16 {V. Ikonnikov} 26... Rg8 27. hxg5 Rxg5 28. Kf2 $40 {
h D. Komarov, Inf 72/94}) 10... e4 11. Qb3 11... Ng4 $146 (11... Kh8 12. Rd1 h6
13. Bb2 g5 14. Rac1 a6 15. c5 Qe8 16. b5 Qh5 17. b6 cxb6 18. Qxb6 Ng4 19. h3
Ne5 20. Qb3 $16 {Wastney-Nakamura, 32nd ol, Yerevan ARM 1996 (1-0/42)}) 12. Bd2
a6 (12... e6 $5 $11) 13. c5 Rb8 14. Rad1 g5 15. Nb1 Ne5 16. Bc3 e6 17. Qb2 Qf6
18. f4 exf3 19. exf3 19... exd5 20. Rfe1 (20. Rxd5 Nc4 21. Qb3 Qf7 22. Qxc4 c6
23. Rd4 Be6 24. Qd3 $18) 20... Nc4 21. Bxf6 Nxb2 22. Bxg7 Kxg7 23. Rxd5 Kf6 24.
Nc3 Be6 25. Rde5 Bf7 26. Bh3 Rfe8 27. Nd5+ Bxd5 28. Rxe8 Rxe8 29. Rxe8 Bxf3 30.
Rf8+ Kg6 31. Bxf5+ 1-0

[Event "5th Karl Wagner mem"]
[Site "Graz"]
[Date "1998.09.08"]
[Round "4.12"]
[White "Balinov, Ilia"]
[Black "Wegerer, Fred"]
[Result "1-0"]
[WhiteElo "2450"]
[BlackElo "2215"]
[PlyCount "59"]
[EventDate "1998.09.09"]

{4/(12)} 1. e4 1... c5 2. c3 e5 3. Nf3 Nc6 4. Bc4 Qf6 5. Na3 Qg6 6. d3 Be7 7.
O-O d6 8. Nb5 Kf8 9. Nc7 Rb8 10. Ne1 Nf6 11. f4 exf4 12. Nd5 Bg4 13. Qc2 Nxd5
14. Bxd5 Be6 15. Bxf4 Bxd5 16. exd5 Ne5 17. Bxe5 dxe5 18. Nf3 Qd6 19. Rae1 Bf6
20. c4 Re8 21. Nd2 Bh4 22. Ne4 Qh6 23. Re2 Bd8 24. Kh1 b6 25. Qa4 f6 26. Qxa7
26... Re7 {} 27. Qb8 Rd7 28. Qxe5 Re7 29. Qb8 Re8 30. Nd6 1-0

[Event "5th Karl Wagner mem"]
[Site "Graz"]
[Date "1998.09.08"]
[Round "4.14"]
[White "Gorbatow, Alexej"]
[Black "Jetzl, Joerg"]
[Result "1-0"]
[WhiteElo "2420"]
[BlackElo "2225"]
[PlyCount "39"]
[EventDate "1998.09.09"]

{4/(14)} 1. e4 1... e6 2. d4 d5 3. exd5 exd5 4. c4 Bb4+ 5. Nc3 Qe7+ 6. Be3 Nf6
7. Nf3 O-O 8. Be2 dxc4 9. O-O Bxc3 10. bxc3 Nd5 11. Bg5 Qa3 12. Bxc4 Be6 13.
Bb3 h6 14. Bd2 Nd7 15. c4 N5f6 16. Qc2 a5 17. c5 Nd5 18. Rfb1 Nb4 19. Qd1 19...
Nd3 {} 20. Bxe6 1-0

[Event "5th Karl Wagner mem"]
[Site "Graz"]
[Date "1998.09.08"]
[Round "4.15"]
[White "Wittmann, Walter"]
[Black "Hoellrigl, Wilfried"]
[Result "1-0"]
[WhiteElo "2380"]
[BlackElo "2215"]
[PlyCount "113"]
[EventDate "1998.09.09"]

{4/(15)} 1. e4 1... c5 2. Nf3 Nc6 3. d4 cxd4 4. Nxd4 Nf6 5. Nc3 e5 6. Ndb5 d6
7. Bg5 a6 8. Na3 b5 9. Nd5 Be7 10. Bxf6 Bxf6 11. c4 bxc4 12. Nxc4 Nd4 13. Bd3
O-O 14. O-O Bb7 15. Qa4 Bxd5 16. exd5 Bg5 17. Na5 f5 18. Rad1 Kh8 19. b4 Bh6
20. Rfe1 Qh4 21. Be2 f4 22. f3 Nf5 23. Nc4 e4 24. Qc2 Rae8 25. fxe4 Ne3 26.
Nxe3 fxe3 27. Bf3 Bf4 28. g3 Bxg3 29. Rxe3 Bf4 30. Re2 Rf6 31. Kh1 Qh3 32. Rf2
{} 32... Bxh2 33. Bg2 Rxf2 34. Qxf2 Qh6 35. Qf3 Kg8 36. Qh3 Qxh3 37. Bxh3 Be5
38. Rc1 h5 39. Rc6 Rb8 40. a3 g5 41. Be6+ Kg7 42. Rxa6 g4 43. Ra7+ Kg6 44. Bd7
Kg5 45. b5 h4 46. a4 h3 47. Rc7 Rf8 48. Bf5 Rxf5 49. exf5 g3 50. Rc4 g2+ 51.
Kg1 Bg3 52. b6 Be1 53. b7 Bd2 54. Re4 Kxf5 55. Re2 Bc3 56. Rf2+ Kg4 57. b8=Q
1-0

[Event "5th Karl Wagner mem"]
[Site "Graz"]
[Date "1998.09.08"]
[Round "4.16"]
[White "Jazbinsek, Sebastjan"]
[Black "Krumpacnik, Domen"]
[Result "0-1"]
[WhiteElo "2225"]
[BlackElo "2380"]
[PlyCount "84"]
[EventDate "1998.09.09"]

{4/(16)} 1. e4 1... c5 2. Nf3 Nc6 3. d4 cxd4 4. Nxd4 g6 5. Nc3 Bg7 6. Be3 Nf6
7. Bc4 O-O 8. f3 Qb6 9. Ncb5 9... a6 {} 10. Nf5 Qd8 11. Nbd4 gxf5 12. Nxf5 d5
13. Nxg7 dxc4 14. Bh6 Qxd1+ 15. Rxd1 Kh8 16. Nh5 Rg8 17. Nxf6 exf6 18. Kf2 Be6
19. Bd2 Kg7 20. g4 Rad8 21. Ke3 h5 22. gxh5 Kh6 23. Bc3 f5 24. Rxd8 Rxd8 25.
Rg1 fxe4 26. fxe4 Ne7 27. Kf4 Rg8 28. Rxg8 Nxg8 29. Ke5 Kxh5 30. Kd6 Kg5 31.
Bd2+ Kg4 32. Kc7 Nf6 33. Kxb7 Nxe4 34. Be1 c3 35. b3 a5 36. Kb6 a4 37. bxa4
Bxa2 38. a5 Bd5 39. Kb5 f5 40. a6 Kh3 41. Kb4 f4 42. a7 f3 0-1

[Event "5th Karl Wagner mem"]
[Site "Graz"]
[Date "1998.09.08"]
[Round "4.18"]
[White "Pilaj, Herwig"]
[Black "Sarkozy, Ladislav"]
[Result "0-1"]
[WhiteElo "2215"]
[BlackElo "2355"]
[PlyCount "110"]
[EventDate "1998.09.09"]

{4/(18)} 1. e4 1... c5 2. Nf3 a6 3. c3 d5 4. exd5 Qxd5 5. d4 Nf6 6. Be2 cxd4 7.
cxd4 e6 8. O-O Nc6 9. Nc3 Qd6 10. Bg5 Be7 11. Re1 O-O 12. Qd2 b5 13. Bd3 Bb7
14. Bxf6 Bxf6 15. Ne4 Qd8 16. Nc5 Na5 17. Nxb7 Nxb7 18. Rad1 Nd6 19. Ne5 g6 20.
Qf4 Bg5 21. Qg3 Rc8 22. Nd7 Qxd7 23. Qxg5 Nc4 24. Bxc4 Rxc4 25. d5 Rc5 26. dxe6
{} 26... Qxd1 27. Rxd1 Rxg5 28. e7 Rc5 29. exf8=Q+ Kxf8 30. Kf1 Rc2 31. Rb1 b4
32. h4 h5 33. g3 a5 34. Kg2 Ke7 35. Kf3 Kf6 36. Ke3 a4 37. Kf3 Kf5 38. Ke3 Kg4
39. a3 b3 40. Rd1 Rxb2 41. Rd4+ Kh3 42. Kf3 Kh2 43. Rxa4 Kg1 44. Rb4 Rxf2+ 45.
Ke4 b2 46. a4 Kg2 47. Rb3 Kh3 48. a5 Rf5 49. Rxb2 Rxa5 50. Rb3 Ra4+ 51. Kf3 Ra2
52. Kf4 Rf2+ 53. Kg5 Rf5+ 54. Kh6 Kg4 55. Kg7 Rf3 0-1

[Event "5th Karl Wagner mem"]
[Site "Graz"]
[Date "1998.09.08"]
[Round "4.19"]
[White "Danner, Georg"]
[Black "Leitner, Kurt"]
[Result "1-0"]
[WhiteElo "2340"]
[BlackElo "2115"]
[PlyCount "25"]
[EventDate "1998.09.09"]

{4/(19)} 1. d4 1... Nf6 2. Nf3 b6 3. e3 Bb7 4. Bd3 e6 5. O-O d5 6. b3 Nbd7 7.
Bb2 Bd6 8. Ne5 h5 9. Nd2 Ng4 10. Ndf3 Qf6 11. Nxd7 Bxh2+ 12. Nxh2 Qh4 13. Nf3 {
} 1-0

[Event "5th Karl Wagner mem"]
[Site "Graz"]
[Date "1998.09.08"]
[Round "4.20"]
[White "Deutsch, Ludwig"]
[Black "Nor, Igor"]
[Result "1-0"]
[WhiteElo "2180"]
[BlackElo "2280"]
[PlyCount "189"]
[EventDate "1998.09.09"]

{4/(20)} 1. e4 1... c5 2. Nc3 e6 3. f4 d5 4. d3 Nc6 5. Bd2 Be7 6. Nf3 b6 7. Be2
Bb7 8. O-O dxe4 9. Nxe4 Nf6 10. Bc3 O-O 11. Nxf6+ Bxf6 12. Ne5 Nd4 13. Bf3
Nxf3+ 14. Nxf3 Bxc3 15. bxc3 Qd5 16. c4 Qd6 17. Qd2 Bxf3 18. gxf3 Rad8 19. Rf2
Qd4 20. Rd1 Rd6 21. Re1 Rfd8 22. Qc1 g6 23. Kg2 Qf6 24. Kg3 h5 25. h4 Re8 26.
Rfe2 Kh7 27. Re5 Qd8 28. Qb2 f6 29. R5e4 Kg7 30. Qc3 Kf7 31. Qd2 Qd7 32. a3 Qc6
33. Kg2 Rd7 34. Qc3 Qd6 35. R1e2 Rde7 36. Qd2 Kg7 37. Qc3 Kf7 38. Qd2 Rg8 39.
Re1 Ree8 40. Qe3 Qe7 41. Kh3 e5 42. fxe5 Qe6+ 43. Kh2 f5 44. Qf4 Kg7 45. R4e2
Rd8 46. Qg5 Rd4 47. f4 Kf7 48. a4 Rd7 49. Rg2 Re7 50. Reg1 Qc6 51. Ra1 Re6 52.
Qg3 Rd8 53. Rf2 Qc7 54. Rff1 Rd4 55. a5 bxa5 56. Qg5 {} 56... Rxe5 57. Rf2 Re6
58. Qh6 Kg8 59. Rg1 Qg7 60. Qxg7+ Kxg7 61. Ra1 Ra6 62. Kg3 a4 63. Ra3 Rdd6 64.
Kf3 Rdb6 65. Rf1 Rb2 66. Rc1 Kf6 67. Ke3 Ke7 68. Kd2 Kd8 69. Re1 Rb7 70. Rea1
Re7 71. Rxa4 Rae6 72. Kc3 Re2 73. Ra6 Rg2 74. Rc6 Ree2 75. Rxc5 Rxc2+ 76. Kd4
Ra2 77. Ra5 Rxa1 78. Rxa1 Rg4 79. Ke5 Rxh4 80. Rxa7 Rh3 81. d4 Rc3 82. Kd6 Ke8
83. c5 h4 84. Rh7 Kf8 85. c6 Kg8 86. Re7 h3 87. Re2 Kf7 88. d5 g5 89. fxg5 f4
90. Kd7 Re3 91. Rf2 Re7+ 92. Kd6 Re8 93. Rxf4+ Kg6 94. Rh4 Rd8+ 95. Kc5 1-0

[Event "5th Karl Wagner mem"]
[Site "Graz"]
[Date "1998.09.08"]
[Round "4.21"]
[White "Pavasovic, Dusko"]
[Black "Galje, Hans"]
[Result "1-0"]
[WhiteElo "2505"]
[BlackElo "2110"]
[PlyCount "65"]
[EventDate "1998.09.09"]

{4/(21)} 1. e4 1... Nf6 2. e5 Nd5 3. d4 d6 4. c4 Nb6 5. exd6 cxd6 6. Nc3 g6 7.
Be3 Bg7 8. Rc1 O-O 9. b3 f5 10. g3 10... e5 {} 11. dxe5 dxe5 12. Qxd8 Rxd8 13.
c5 N6d7 14. Bc4+ Kf8 15. Nd5 Na6 16. Bxa6 bxa6 17. Nc7 Nf6 18. Nxa8 Bb7 19. Nc7
Bxh1 20. Ne6+ Ke7 21. Nxd8 Kxd8 22. c6 Kc7 23. Bxa7 Nd5 24. Ke2 Nb4 25. Nf3
Bxf3+ 26. Kxf3 e4+ 27. Kg2 Nxc6 28. Bc5 Be5 29. b4 Bb2 30. Rc2 Ba3 31. b5 Bxc5
32. Rxc5 axb5 33. Rxb5 1-0